Neurogenetics : (Record no. 3508)
[ view plain ]
| 000 -LEADER | |
|---|---|
| fixed length control field | 00634cam a2200205 a 4500 |
| 001 - CONTROL NUMBER | |
| control field | 3805639 |
| 005 - DATE AND TIME OF LATEST TRANSACTION | |
| control field | 20250206173927.0 |
| 008 - FIXED-LENGTH DATA ELEMENTS--GENERAL INFORMATION | |
| fixed length control field | 850820s1986 nyua b 001 0 eng c |
| 020 ## - INTERNATIONAL STANDARD BOOK NUMBER | |
| International Standard Book Number | 0881671517 |
| 050 00 - LIBRARY OF CONGRESS CALL NUMBER | |
| Classification number | RC346 |
| Item number | .R67 1986 |
| 082 00 - DEWEY DECIMAL CLASSIFICATION NUMBER | |
| Classification number | 616.8/0442 |
| Edition information | 19 |
| 100 1# - MAIN ENTRY--PERSONAL NAME | |
| Personal name | Rosenberg, Roger N. |
| 245 10 - TITLE STATEMENT | |
| Title | Neurogenetics : |
| Remainder of title | principles and practice / |
| Statement of responsibility, etc. | Roger N. Rosenberg. |
| 260 ## - PUBLICATION, DISTRIBUTION, ETC. | |
| Place of publication, distribution, etc. | New York : |
| Name of publisher, distributor, etc. | Raven Press, |
| Date of publication, distribution, etc. | c1986. |
| 300 ## - PHYSICAL DESCRIPTION | |
| Extent | xi, 324 p. : |
| Other physical details | ill. ; |
| Dimensions | 25 cm. |
| 650 #0 - SUBJECT ADDED ENTRY--TOPICAL TERM | |
| Topical term or geographic name entry element | Nervous system |
| General subdivision | Diseases |
| -- | Genetic aspects. |
| 650 #0 - SUBJECT ADDED ENTRY--TOPICAL TERM | |
| Topical term or geographic name entry element | Neurogenetics. |
| 650 #2 - SUBJECT ADDED ENTRY--TOPICAL TERM | |
| Topical term or geographic name entry element | Nervous System Diseases |
| General subdivision | familial & genetic. |
| 942 ## - ADDED ENTRY ELEMENTS (KOHA) | |
| Source of classification or shelving scheme | Library of Congress Classification |
| Koha item type | Books |
| Suppress in OPAC | No |
| 999 ## - | |
| -- | 3508 |
| -- | 3508 |
| Withdrawn status | Lost status | Source of classification or shelving scheme | Damaged status | Not for loan | Collection | Home library | Current library | Shelving location | Date acquired | Total checkouts | Full call number | Barcode | Date last seen | Copy number | Price effective from | Koha item type |
|---|---|---|---|---|---|---|---|---|---|---|---|---|---|---|---|---|
| Library of Congress Classification | Non-fiction | Science Library (Miotso) | Science Library (Miotso) | General stacks | 02/06/2025 | RC346 .R67 ROS | SLM00002929 | 02/06/2025 | 1 | 02/06/2025 | Books | |||||
| Library of Congress Classification | Non-fiction | Science Library (Miotso) | Science Library (Miotso) | General stacks | 02/06/2025 | RC346 .R67 ROS | SLM00002930 | 02/06/2025 | 2 | 02/06/2025 | Books | |||||
| Library of Congress Classification | Non-fiction | Science Library (Miotso) | Science Library (Miotso) | General stacks | 02/06/2025 | RC346 .R67 ROS | SLM00002931 | 02/06/2025 | 3 | 02/06/2025 | Books | |||||
| Library of Congress Classification | Non-fiction | Science Library (Miotso) | Science Library (Miotso) | General stacks | 02/06/2025 | RC346 .R67 ROS | SLM00002932 | 02/06/2025 | 4 | 02/06/2025 | Books | |||||
| Library of Congress Classification | Non-fiction | Science Library (Miotso) | Science Library (Miotso) | General stacks | 02/06/2025 | RC346 .R67 ROS | SLM00002933 | 02/06/2025 | 5 | 02/06/2025 | Books |